000 00956nam a2200241 i 4500
001 106447
003 ES-MaACL
005 20231222172313.0
007 t|
008 061122s1969 sp ||||1| spa d
080 _a75 Cabanas, Juan (083.82)
100 1 _aCabanas, Juan (
_d1907-1979)
_933127
245 1 0 _aJuan Cabanas
_b: [exposición patrocinada por la Embajada del Perú en Madrid y por el Ministerio de Información y Turismo, en Madrid, Barcelona, San Sebastián, Bilbao y Valencia, durante el año 1969] /
_c[Prólogo: César Miró ; texto: Carlos Areán].
260 _a[Madrid :
_bs. n.,
_c1969]
300 _a[4] p. :
_bil. ;
_c28 cm.
600 1 4 _aCabanas, Juan (
_d1907-1979)-
_vExposiciones.
_933128
655 7 _2tgfbne
_9193628
_aCatálogos de exposiciones
700 1 _aMiró, César.
_981599
700 1 _aAreán, Carlos,
_d1921-1996
_922562
852 _aES-MaACL
_j2202-F-43
942 _2udc
999 _c106447
_d106447